000 02252nam0a2200433 4500
001 RU\NLR\bibl\1490467
005 20260531063132.0
010 _a978-5-88187-367-7
_91000
021 _aRU
_b2010-6660
_9433
035 _a(nilc)RSL-KNO-004579926
035 _a(LIBNET)DITM\BIBL\0000002842
035 _aDITM\BIBL\0000002842
035 _a(NLR Aleph) 001482042
090 _a1709671
_c1709672
100 _a20100121d2010 |||y0rusy50 ca
101 0 _arus
102 _aRU
105 _aa |||||||||
200 1 _aТракторы и сельскохозяйственные машины иностранного и отечественного производства: устройство, диагностика и ремонт
_eучебное пособие
_fК.Л. Гаврилов
210 _aПермь
_cЗвезда
_d2010
215 _a351 с.
_cил., табл.
_d24
320 _aБиблиогр.: с. 347 (6 назв.)
606 _aТракторы
_jУчебные издания для высших учебных заведений
_91284109
_3RU\NLR\auth\66212245
606 1 _aТракторы иностранных марок
_jУчебные издания для высших учебных заведений
_91853938
_3RU\NLR\auth\661131598
606 1 _aСельскохозяйственные машины и орудия зарубежные
_jУчебные издания для высших учебных заведений
_92103499
_3RU\NLR\auth\661271917
606 1 _aСельскохозяйственные машины и орудия
_jУчебные издания для высших учебных заведений
_91228969
_3RU\NLR\auth\66182922
686 _aП072я73-1
_2rubbk
686 _a40.72я7
_vLBC/RL
_2rubbk
686 _aП072.1я7
686 _aП072я7
700 1 _4070
_7ca
_8rus
_aГаврилов
_bК. Л.
_cинженер
_gКонстантин Львович
_926248
_3RU\NLR\auth\7743305
801 0 _aRU
_bПермская ГОУБ
_c20100121
_grcr
801 1 _aRU
_bПермская ГОУБ
_c20100121
801 1 _aRU
_bРГБ
_c20100121
801 2 _aRU
_bNLR
_c20100325
_grcr
830 _aавт. раскрыт в кн.
942 _cBOOK
980 _aNB